Návrh riešenia na zlepšenie riadenia projektov v medzinárodnej spoločnosti pre informačné technológie, s využitím agilných prístupov
Na minha lista:
| Autor principal: | |
|---|---|
| Outros Autores: | |
| Formato: | Manuscrito Livro |
| Idioma: | eslovaco |
| Publicado em: |
2024
|
| Assuntos: | |
| Acesso em linha: | http://is.stuba.sk/zp/portal_zp.pl?podrobnosti=177825 |
| Tags: |
Sem tags, seja o primeiro a adicionar uma tag!
|
MARC
| LEADER | 00000ntm a22000003a 4500 | ||
|---|---|---|---|
| 001 | stuzp98390 | ||
| 003 | SK-STU | ||
| 005 | 20240608212057.1 | ||
| 007 | ta | ||
| 008 | 150427s2015----xo-----f-mn---000-0-slo-d | ||
| 040 | |a STU |b slo | ||
| 041 | 0 | |a slo | |
| 100 | 1 | |a Kaderábeková, Natália |u 064000 |k Z4 |4 aut |U MTF Materiálovotechnologická fakulta |T MTF Ústav priemyselného inžinierstva a manažmentu |X 103287 |U M4000 |Y 84 |7 103287 | |
| 242 | 0 | 1 | |a Proposal for Improving Project Management in an International Information Technology Company Using Agile Approaches |y eng |
| 245 | 1 | 0 | |a Návrh riešenia na zlepšenie riadenia projektov v medzinárodnej spoločnosti pre informačné technológie, s využitím agilných prístupov |
| 260 | |c 2024 | ||
| 650 | 4 | |a projektový manažment |2 slo | |
| 650 | 4 | |a agilné riadenie |2 slo | |
| 650 | 4 | |a metóda Scrum |2 slo | |
| 650 | 4 | |a agile management |2 eng | |
| 650 | 4 | |a Scrum method |2 eng | |
| 650 | 4 | |a project management |2 eng | |
| 700 | 1 | |a Samáková, Jana |u 064000 |k Z1 |4 ths |U MTF Materiálovotechnologická fakulta |T MTF Ústav priemyselného inžinierstva a manažmentu |X 33101 |U M4000 |Y 84 |7 A000033101 | |
| 856 | 4 | |u http://is.stuba.sk/zp/portal_zp.pl?podrobnosti=177825 | |
| 996 | |c M* DP-15345 |l MMSKP |s P |a 0 |w stuzp98390_0001 | ||